Využití metod procesního řízení k inovaci systému řízení fakulty
Problematika využitia metód procesného riadenia k inováciam systému riadenia organizačnej jednotky vysokej školy (fakulty). Procesné riadenie je vo všeobecnosti radené medzi manažérske prístupy podporujúce zvyšovanie efektívnosti fungovania organizácie.
Salvato in:
| Autore principale: | |
|---|---|
| Altri autori: | |
| Natura: | Capitolo di libro |
| Lingua: | ceco |
| Soggetti: | |
| Tags: |
Nessun Tag, puoi essere il primo ad aggiungerne!!
|
MARC
| LEADER | 00000nla$a2200000$$$4500 | ||
|---|---|---|---|
| 001 | 0126217 | ||
| 005 | 20231207080800.3 | ||
| 041 | 0 | |a cze | |
| 044 | |a SK | ||
| 245 | 1 | 0 | |a Využití metod procesního řízení k inovaci systému řízení fakulty |c Ludmila Hromková, Hana Greplová |
| 520 | |a Problematika využitia metód procesného riadenia k inováciam systému riadenia organizačnej jednotky vysokej školy (fakulty). Procesné riadenie je vo všeobecnosti radené medzi manažérske prístupy podporujúce zvyšovanie efektívnosti fungovania organizácie. | ||
| 610 | 2 | 0 | |a efektívnosť ekonomická |
| 610 | 2 | 0 | |a riadenie procesné |
| 610 | 2 | 0 | |a univerzity |
| 610 | 2 | 0 | |a inovácia |
| 610 | 2 | 0 | |a manažment |
| 100 | 1 | |a Hromková, Ludmila | |
| 700 | 1 | |a Greplová, Hana | |